000 00414cam a22001337a 4500
008 180718b1949 xxu||||| |||| 00| 0 eng d
082 _aKx73 C119
100 _aCahn, Frances T.
245 _aFederal employees in war and peace: selection, placement, and removal
_cby Frances T. Cahn
260 _aWashington, D.C.
_bBrookings
_c1949
300 _a253p.
500 _a$3.50
650 _aPersonnel management - U.S.A.
999 _c478570
_d478570